Armando Palacio Valdés (Record no. 50324)
[ view plain ]
| 000 -LEADER | |
|---|---|
| campo de control de longitud fija | 00968nam a2200253 i 4500 |
| 001 - NÚMERO DE CONTROL | |
| campo de control | 50324 |
| 003 - IDENTIFICADOR DE NÚMERO DE CONTROL | |
| campo de control | ES-MaACL |
| 005 - FECHA Y HORA DE LA ÚLTIMA TRANSACCIÓN | |
| campo de control | 20250328192656.0 |
| 007 - CAMPO FIJO DE DESCRIPCIÓN FÍSICA--INFORMACIÓN GENERAL | |
| campo de control de longitud fija | t| |
| 008 - DATOS DE LONGITUD FIJA--INFORMACIÓN GENERAL | |
| campo de control de longitud fija | 030804s1949 sp ||||1| spa d |
| 100 1# - ENTRADA PRINCIPAL--NOMBRE DE PERSONA | |
| Nombre de persona | Cruz Rueda, Angel. |
| 9 (RLIN) | 41847 |
| 245 10 - MENCIÓN DEL TÍTULO | |
| Título | Armando Palacio Valdés |
| Resto del título | : su vida y su obra / |
| Mención de responsabilidad, etc. | Angel Cruz Rueda. |
| 250 ## - MENCION DE EDICION | |
| Mención de edición | 2ª ed., aum. |
| 260 ## - PUBLICACIÓN, DISTRIBUCIÓN, ETC. | |
| Lugar de publicación, distribución, etc. | Madrid : |
| Nombre del editor, distribuidor, etc. | Saeta, |
| Fecha de publicación, distribución, etc. | 1949 ( |
| Fabricante | Talleres Gráficos Montaña) |
| 300 ## - DESCRIPCIÓN FÍSICA | |
| Extensión | 221 p. : |
| Otras características físicas | 1 retr. biog. ; |
| Dimensiones | 21 cm. |
| 510 ## - NOTA DE CITAS O REFERENCIAS BIBLIOGRÁFICAS | |
| Nombre de la fuente | CCPB,<br/> |
| Localización dentro de la fuente | 000303125-X. |
| 600 14 - PUNTO DE ACCESO ADICIONAL DE MATERIA--NOMBRE DE PERSONA | |
| Nombre de persona | Palacio Valdés, Armando, |
| Fechas asociadas al nombre | 1853-1938 |
| 9 (RLIN) | 88382 |
| 650 #4 - PUNTO DE ACCESO ADICIONAL DE MATERIA--TÉRMINO DE MATERIA | |
| 9 (RLIN) | 10574 |
| Término de materia o nombre geográfico como elemento de entrada | Biografías |
| 852 ## - LOCALIZACIÓN | |
| Ubicación | ES-MaACL |
| Número de control de estantería | D-6298 |
| Sublocalización o colección | R.30339 |
| -- | R.M.5893 |
| itemnumber | 52239 |
| Ubicación en estantería | Sala Valle Inclán |
| Marcas de propiedad | Sello en tinta azul de la Biblioteca del Ateneo de Madrid. |
| Nota libre | "2.DIC.1950" |
| 942 ## - ELEMENTOS DE ENTRADA SECUNDARIOS (KOHA) | |
| Fuente del sistema de clasificación o colocación | Clasificación decimal universal |
| Tipo de ítem Koha | Libro impreso |
| Estatus retirado | Estado de pérdida | Estado de daño | No para préstamo | Biblioteca de origen | Biblioteca actual | Ubicación en estantería | Fecha de adquisición | Fuente de adquisición | Total de préstamos | Signatura topográfica completa | Código de barras | Visto por última vez | Precio de reemplazo | Tipo de ítem Koha |
|---|---|---|---|---|---|---|---|---|---|---|---|---|---|---|
| Biblioteca del Ateneo de Madrid | Biblioteca del Ateneo de Madrid | Sala Valle Inclán | 17/01/2008 | D-6298 | 901052933 | 23/02/2023 | 23/02/2023 | Libro impreso |
